000 00852nas a2200265 4500
001 BR7310997
003 BR-BrBNA
005 20231205082714.0
007 ta
008 230509b bl.|||p| |||| 00| 00por d
040 _aBR-BrBNA
_bpor
_cBiblioteca Nacional de Agricultura
041 _a(Pt)
072 _aH20
100 1 _aMinussi, E.
100 1 _aChaves, G.M.
100 1 _aMatsuoka, K.
245 1 _aInducao de esporulacao em Stemphylium solani Weber e resistencia varietal do tomateiro (Lycopersicon esculentum Mill.)ao patogeno [mancha parda]
_bParte de tese
650 _aTOMATE
650 _aMANCHA PARDA
650 _aVARIEDADE RESISTENTE
650 _aESPORULACAO
773 0 _tExperientiae (Brazil)
_xISSN 0014-4762
_g(May 1973), v. 15(9) p. 235-256
_wBR7310997
909 _a202311
_bLúcia
_c55
_dLúcia Elande
942 _2AGRIS
_n0
_cANA
999 _c93751
_d93751